Fuchsias : the complete guide /

Bibliographic Details
Main Author: Goulding, Edwin
Format: Book
Language:English
Published: Portland, Or. : Timber Press, 1995.
Subjects:

MARC

Tag First Indicator Second Indicator Subfields
LEADER 00000cam a2200000 a 4500
001 in00001283021
005 20151004062058.0
008 951018s1995 orua b 001 0 eng
010 |a  95215584  
020 |a 0881923281 
035 |a (OCoLC)33233686 
035 |9 AGX5868AM 
040 |a DLC  |c DLC  |d TXA  |d UtOrBLW 
049 |a TXAM 
050 0 0 |a SB413.F8  |b G68 1995 
082 0 0 |a 635.9/3344  |2 20 
100 1 |a Goulding, Edwin. 
245 1 0 |a Fuchsias :  |b the complete guide /  |c Edwin Goulding. 
264 1 |a Portland, Or. :  |b Timber Press,  |c 1995. 
300 |a 208 pages :  |b illustrations (some color) ;  |c 26 cm. 
336 |a text  |b txt  |2 rdacontent 
337 |a unmediated  |b n  |2 rdamedia 
338 |a volume  |b nc  |2 rdacarrier 
504 |a Includes bibliographical references (pages 198-201) and indexes. 
650 0 |a Fuchsia. 
999 |a MARS 
999 f f |s 604b3511-f24a-3381-ae71-d24d74f8d320  |i 423bc105-f24e-3ed8-ae2b-4e36d0e349f9  |t 0 
952 f f |p ric  |a Texas A&M University  |b Rellis Campus  |c Joint Library Facility  |d Remote Storage  |t 0  |e SB413.F8 G68 1995  |h Library of Congress classification  |i unmediated -- volume  |m A14819940468 
998 f f |a SB413.F8 G68 1995  |t 0  |l Remote Storage